[Event "Turkey IS Bank Super League 2017"]
[Site "Darica-Kocaeli"]
[Date "2017.07.29"]
[Round "4"]
[White "Duran, Esma Doga"]
[Black "Yassibag, Ipek Asli"]
[Result "1-0"]
[WhiteElo "1939"]
[BlackElo "1880"]
[Annotator "NA"]
[PlyCount "111"]
[EventType "team-tourn"]
[EventCountry "TUR"]
[SourceTitle "playchess.com"]
[Source "ChessBase"]
[SourceQuality "1"]
[TimeControl "40/5400+30:1800+30"]

1. d4 {[%emt 0:00:30]} c5 {[%emt 0:02:00]} 2. d5 {[%emt 0:00:30]} Nf6 {[%emt 0:00:00]} 3. c4 {[%emt 0:00:30]} b5 {[%emt 0:01:00]} 4. cxb5 {[%emt 0:00:30]} a6 {[%emt 0:00:00]} 5. b6 {[%emt 0:00:30]} d6 {[%emt 0:00:00]} 6. Nc3 {[%emt 0:00:00]} Qxb6 {[%emt 0:00:30]} 7. e4 {[%emt 0:00:00]} g6 {[%emt 0:00:30]} 8. Nf3 {[%emt 0:01:30]} Bg7 {[%emt 0:00:30]} 9. Nd2 {[%emt 0:00:00]} O-O {[%emt 0:00:30]} 10. Be2 {[%emt 0:02:00]} Nbd7 {[%emt 0:02:30]} 11. Nc4 {[%emt 0:00:30]} Qc7 {[%emt 0:00:30]} 12. a4 {[%emt 0:01:30]} Nb6 {[%emt 0:04:30]} 13. Na3 {[%emt 0:01:30]} a5 {[%emt 0:10:30]} 14. Nab5 {[%emt 0:06:30]} Qd8 {[%emt 0:03:30]} 15. O-O {[%emt 0:01:30]} Ba6 {[%emt 0:01:30]} 16. Qc2 {[%emt 0:09:30]} Ne8 {[%emt 0:06:30]} 17. Be3 {[%emt 0:13:30]} Nc7 {[%emt 0:03:30]} 18. Rad1 {[%emt 0:15:30]} Qd7 {[%emt 0:04:30]} 19. Nxc7 {[%emt 0:04:30]} Qxc7 {[%emt 0:03:30]} 20. Nb5 {[%emt 0:10:30]} Qd7 {[%emt 0:01:30]} 21. b3 {[%emt 0:03:30]} Nc8 {[%emt 0:03:30]} 22. Bd2 {[%emt 0:11:35]} Na7 {[%emt 0:02:30]} 23. Nc3 {[%emt 0:01:39]} Qb7 {[%emt 0:04:30]} 24. Bc4 {[%emt 0:00:49]} Rfb8 {[%emt 0:04:30]} 25. Rb1 {[%emt 0:01:03]} Nc8 {[%emt 0:02:30]} 26. Qd3 {[%emt 0:05:27]} Nb6 {[%emt 0:06:30]} 27. Nb5 {[%emt 0:01:43]} Nc8 {[%emt 0:04:30]} 28. Rfe1 {[%emt 0:03:27]} Na7 {[%emt 0:01:30]} 29. Nxd6 {[%emt 0:00:54]} exd6 {[%emt 0:06:30]} 30. Bxa6 {[%emt 0:00:03]} Qb6 {[%emt 0:01:30]} 31. Bc4 {[%emt 0:00:49]} Nc8 {[%emt 0:00:30]} 32. Bf4 {[%emt 0:01:51]} Qc7 {[%emt 0:01:29]} 33. Qg3 {[%emt 0:00:36]} Be5 {[%emt 0:02:50]} 34. Bxe5 {[%emt 0:00:24]} dxe5 {[%emt 0:00:00]} 35. Rbd1 {[%emt 0:00:56]} Qd6 {[%emt 0:00:11]} 36. Rc1 {[%emt 0:00:38]} Ra7 {[%emt 0:01:19]} 37. Qe3 {[%emt 0:00:24]} Ne7 {[%emt 0:02:31]} 38. g3 {[%emt 0:00:43]} Re8 {[%emt 0:02:50]} 39. f4 {[%emt 0:00:21]} Rc8 {[%emt 0:05:12]} 40. Rcd1 {[%emt 0:00:00]} f6 {[%emt 0:02:08]} 41. Rf1 {[%emt 0:02:38]} Kg7 {[%emt 0:01:30]} 42. Qc3 {[%emt 0:00:30]} Ng8 {[%emt 0:01:30]} 43. Rf2 {[%emt 0:08:30]} Re8 {[%emt 0:02:30]} 44. Bb5 {[%emt 0:00:30]} Ree7 {[%emt 0:00:30]} 45. Rc1 {[%emt 0:00:30]} exf4 {[%emt 0:02:30]} 46. Rxf4 {[%emt 0:00:30]} g5 {[%emt 0:01:30]} 47. Rf5 {[%emt 0:02:55]} h6 {[%emt 0:04:30]} 48. Qxc5 {[%emt 0:02:41]} Qxc5+ {[%emt 0:01:30]} 49. Rxc5 {[%emt 0:00:02]} Rxe4 {[%emt 0:01:30]} 50. d6 {[%emt 0:00:13]} Rd4 {[%emt 0:12:04]} 51. Rc7+ {[%emt 0:00:49]} Kg6 {[%emt 0:01:47]} 52. Rxa7 {[%emt 0:00:22]} Kxf5 {[%emt 0:00:23]} 53. d7 {[%emt 0:05:29]} Rd1+ {[%emt 0:05:35]} 54. Kf2 {[%emt 0:00:36]} Ke6 {[%emt 0:03:18]} 55. Ra8 {[%emt 0:00:19]} Ke7 {[%emt 0:00:48]} 56. Rxg8 {[%emt 0:00:28]} 1-0

[Event "Turkey IS Bank Super League 2017"]
[Site "Darica-Kocaeli"]
[Date "2017.07.29"]
[Round "4"]
[White "Tirak, Mert"]
[Black "Arat, Ufuk Sezen"]
[Result "1-0"]
[WhiteElo "1909"]
[BlackElo "2400"]
[Annotator "NA"]
[PlyCount "103"]
[EventType "team-tourn"]
[EventCountry "TUR"]
[SourceTitle "playchess.com"]
[Source "ChessBase"]
[SourceQuality "1"]
[TimeControl "40/5400+30:1800+30"]

1. e4 {[%emt 0:00:30]} c6 {[%emt 0:02:00]} 2. d4 {[%emt 0:00:30]} d5 {[%emt 0:00:30]} 3. Nc3 {[%emt 0:00:30]} Qa5 {[%emt 0:05:30]} 4. exd5 {[%emt 0:07:30]} cxd5 {[%emt 0:00:30]} 5. Bb5+ {[%emt 0:03:30]} Bd7 {[%emt 0:01:30]} 6. Bxd7+ {[%emt 0:07:30]} Nxd7 {[%emt 0:08:30]} 7. Nf3 {[%emt 0:04:30]} e6 {[%emt 0:00:00]} 8. O-O {[%emt 0:00:00]} Bd6 {[%emt 0:02:00]} 9. Re1 {[%emt 0:03:00]} Ngf6 $11 {[%emt 0:01:30]} 10. Qd3 {[%emt 0:13:30]} a6 {[%emt 0:08:30]} 11. Ng5 {[%emt 0:13:30]} Qc7 {[%emt 0:11:30]} 12. h3 {[%emt 0:07:30]} O-O {[%emt 0:04:30]} 13. a3 {[%emt 0:06:30]} h6 {[%emt 0:01:30]} 14. Nf3 {[%emt 0:00:30]} Rfc8 {[%emt 0:00:30]} 15. Re2 {[%emt 0:03:30]} b5 {[%emt 0:01:30]} 16. Qe3 {[%emt 0:05:44]} b4 {[%emt 0:06:30]} 17. axb4 {[%emt 0:03:37]} Bxb4 {[%emt 0:00:30]} 18. Bd2 {[%emt 0:00:29]} Nb6 {[%emt 0:04:30]} 19. Ne5 {[%emt 0:01:20]} Nc4 {[%emt 0:00:30]} 20. Nxc4 {[%emt 0:00:47]} Bxc3 {[%emt 0:05:30]} 21. Bxc3 {[%emt 0:01:28]} dxc4 {[%emt 0:01:30]} 22. Qe5 {[%emt 0:00:59]} Qc6 {[%emt 0:03:30]} 23. Re3 {[%emt 0:01:42]} Nd5 {[%emt 0:02:30]} 24. Rg3 {[%emt 0:02:15]} f6 {[%emt 0:00:30]} 25. Qh5 {[%emt 0:01:33]} Kh8 {[%emt 0:01:30]} 26. Bd2 {[%emt 0:01:53]} Qe8 {[%emt 0:01:30]} 27. Qh4 {[%emt 0:01:55]} Kh7 {[%emt 0:00:30]} 28. Re1 {[%emt 0:02:24]} Rc6 {[%emt 0:02:30]} 29. Re4 {[%emt 0:04:13]} g5 {[%emt 0:07:14]} 30. Bxg5 {[%emt 0:00:04]} fxg5 {[%emt 0:00:30]} 31. Rxg5 {[%emt 0:00:02]} Qf7 {[%emt 0:02:22]} 32. Rxd5 {[%emt 0:01:31]} exd5 {[%emt 0:01:14]} 33. Re7 {[%emt 0:00:04]} Ra7 {[%emt 0:00:26]} 34. Rxf7+ {[%emt 0:00:30]} Rxf7 {[%emt 0:00:30]} 35. Qh5 {[%emt 0:00:00]} Rfc7 {[%emt 0:05:28]} 36. Qxd5 {[%emt 0:00:00]} c3 {[%emt 0:01:03]} 37. b3 {[%emt 0:00:01]} Rf6 {[%emt 0:00:48]} 38. Qe5 {[%emt 0:00:36]} Rcf7 {[%emt 0:00:44]} 39. d5 {[%emt 0:00:13]} Rxf2 {[%emt 0:00:31]} 40. Qxc3 {[%emt 0:00:00]} Rf1+ {[%emt 0:02:10]} 41. Kh2 {[%emt 0:01:40]} Rd1 {[%emt 0:05:30]} 42. Qe5 {[%emt 0:01:30]} Rf2 {[%emt 0:00:30]} 43. c4 {[%emt 0:02:30]} Rff1 {[%emt 0:00:30]} 44. d6 {[%emt 0:00:30]} Rh1+ {[%emt 0:00:30]} 45. Kg3 {[%emt 0:00:30]} Rd3+ {[%emt 0:00:00]} 46. Kh4 {[%emt 0:00:00]} Rhd1 {[%emt 0:01:00]} 47. c5 {[%emt 0:00:00]} Rd5 {[%emt 0:00:30]} 48. Qe7+ {[%emt 0:00:30]} Kg6 {[%emt 0:00:30]} 49. Qe6+ {[%emt 0:00:30]} Kg7 {[%emt 0:00:30]} 50. c6 {[%emt 0:01:30]} Rxd6 {[%emt 0:00:30]} 51. Qe7+ {[%emt 0:00:00]} Kg6 {[%emt 0:00:30]} 52. c7 {[%emt 0:00:00]} 1-0

[Event "Turkey IS Bank Super League 2017"]
[Site "Darica-Kocaeli"]
[Date "2017.07.29"]
[Round "4"]
[White "Ayazmali, Gizem"]
[Black "Gundogan, Sinem Cagla"]
[Result "0-1"]
[WhiteElo "1849"]
[BlackElo "2000"]
[Annotator "NA"]
[PlyCount "96"]
[EventType "team-tourn"]
[EventCountry "TUR"]
[SourceTitle "playchess.com"]
[Source "ChessBase"]
[SourceQuality "1"]
[TimeControl "40/5400+30:1800+30"]

1. Nf3 {[%emt 0:00:30]} Nf6 {[%emt 0:01:00]} 2. g3 {[%emt 0:00:30]} d5 {[%emt 0:02:30]} 3. Bg2 {[%emt 0:00:30]} c6 {[%emt 0:00:00]} 4. d4 {[%emt 0:00:30]} Bf5 {[%emt 0:01:00]} 5. O-O {[%emt 0:11:30]} e6 {[%emt 0:00:30]} 6. c4 {[%emt 0:00:30]} dxc4 {[%emt 0:04:30]} 7. Ne5 {[%emt 0:01:30]} Be7 {[%emt 0:01:30]} 8. Nc3 {[%emt 0:00:30]} O-O {[%emt 0:08:30]} 9. Nxc4 {[%emt 0:28:30]} Na6 {[%emt 0:11:30]} 10. e4 {[%emt 0:12:30]} Bg6 {[%emt 0:05:30]} 11. Ne5 {[%emt 0:01:30]} Qb6 {[%emt 0:22:30]} 12. Bg5 {[%emt 0:19:20]} Rad8 {[%emt 0:01:30]} 13. Nxg6 {[%emt 0:00:43]} hxg6 {[%emt 0:01:30]} 14. e5 {[%emt 0:00:17]} Qxb2 {[%emt 0:01:30]} 15. exf6 {[%emt 0:01:18]} gxf6 {[%emt 0:00:30]} 16. Bh6 {[%emt 0:00:22]} Qxc3 {[%emt 0:00:30]} 17. Bxf8 {[%emt 0:00:24]} Bxf8 {[%emt 0:00:30]} 18. Qb3 {[%emt 0:01:18]} Qb4 {[%emt 0:05:30]} 19. Rab1 {[%emt 0:03:23]} Rxd4 {[%emt 0:01:30]} 20. Qxb4 {[%emt 0:03:01]} Rxb4 {[%emt 0:02:30]} 21. Rxb4 {[%emt 0:00:27]} Nxb4 {[%emt 0:00:30]} 22. Rb1 {[%emt 0:00:35]} b6 {[%emt 0:01:30]} 23. a3 {[%emt 0:04:22]} Nd5 {[%emt 0:00:30]} 24. Kf1 {[%emt 0:03:27]} Bc5 {[%emt 0:01:30]} 25. Rc1 {[%emt 0:02:05]} Kf8 {[%emt 0:00:30]} 26. Ke2 {[%emt 0:01:24]} Ke7 {[%emt 0:02:30]} 27. Bxd5 {[%emt 0:01:09]} exd5 {[%emt 0:00:30]} 28. f4 {[%emt 0:00:43]} f5 {[%emt 0:01:30]} 29. Kd3 {[%emt 0:00:24]} Kd7 {[%emt 0:01:30]} 30. Rc2 {[%emt 0:01:03]} Be7 {[%emt 0:01:16]} 31. a4 {[%emt 0:00:31]} c5 {[%emt 0:01:57]} 32. Rd2 {[%emt 0:00:24]} c4+ {[%emt 0:02:45]} 33. Kc2 {[%emt 0:00:28]} Kd6 {[%emt 0:01:59]} 34. h4 {[%emt 0:00:43]} Bf6 {[%emt 0:02:21]} 35. h5 {[%emt 0:00:29]} gxh5 {[%emt 0:00:06]} 36. Rh2 {[%emt 0:00:30]} d4 {[%emt 0:00:05]} 37. Rxh5 {[%emt 0:00:00]} Ke6 {[%emt 0:01:03]} 38. Rh6 {[%emt 0:00:05]} a6 {[%emt 0:00:22]} 39. Rh1 {[%emt 0:00:11]} b5 {[%emt 0:04:46]} 40. axb5 {[%emt 0:00:58]} axb5 {[%emt 0:00:50]} 41. Rb1 {[%emt 0:00:56]} Kd5 {[%emt 0:00:30]} 42. Rxb5+ {[%emt 0:06:30]} Ke4 {[%emt 0:00:00]} 43. Rb4 {[%emt 0:01:30]} c3 {[%emt 0:00:00]} 44. Rb8 {[%emt 0:01:30]} d3+ {[%emt 0:02:30]} 45. Kc1 {[%emt 0:00:30]} Bd4 {[%emt 0:03:30]} 46. Rb4 {[%emt 0:03:30]} Ke3 {[%emt 0:01:30]} 47. Rc4 {[%emt 0:01:55]} c2 {[%emt 0:00:30]} 48. Rc8 {[%emt 0:01:55]} Ke2 {[%emt 0:01:30]} 0-1

[Event "Turkey IS Bank Super League 2017"]
[Site "Darica-Kocaeli"]
[Date "2017.07.29"]
[Round "4"]
[White "Sade, Defne"]
[Black "Onur, Cigdem"]
[Result "1/2-1/2"]
[WhiteElo "1654"]
[BlackElo "1699"]
[Annotator "NA"]
[PlyCount "60"]
[EventType "team-tourn"]
[EventCountry "TUR"]
[SourceTitle "playchess.com"]
[Source "ChessBase"]
[SourceQuality "1"]
[TimeControl "40/5400+30:1800+30"]

1. e4 {[%emt 0:00:30]} c5 {[%emt 0:01:00]} 2. Nf3 {[%emt 0:00:30]} Nc6 {[%emt 0:00:30]} 3. Bb5 {[%emt 0:00:30]} e6 {[%emt 0:00:30]} 4. O-O {[%emt 0:00:30]} Nge7 {[%emt 0:00:00]} 5. Re1 {[%emt 0:00:00]} a6 {[%emt 0:00:00]} 6. Bxc6 {[%emt 0:01:00]} Nxc6 {[%emt 0:02:30]} 7. d4 {[%emt 0:00:30]} cxd4 {[%emt 0:00:30]} 8. Nxd4 {[%emt 0:00:00]} Bc5 {[%emt 0:09:30]} 9. Be3 {[%emt 0:02:00]} Ba7 {[%emt 0:08:30]} 10. Nxc6 {[%emt 0:03:30]} dxc6 {[%emt 0:00:30]} 11. Bxa7 {[%emt 0:00:30]} Rxa7 {[%emt 0:07:30]} 12. Qxd8+ {[%emt 0:04:30]} Kxd8 {[%emt 0:00:00]} 13. e5 {[%emt 0:00:00]} Ke7 {[%emt 0:02:00]} 14. Nc3 {[%emt 0:01:00]} b5 {[%emt 0:05:30]} 15. Rad1 {[%emt 0:01:30]} c5 {[%emt 0:06:30]} 16. Ne4 {[%emt 0:00:30]} Rc7 {[%emt 0:13:30]} 17. Nd6 {[%emt 0:13:30]} Rd8 {[%emt 0:07:30]} 18. b3 {[%emt 0:21:30]} Bb7 {[%emt 0:05:30]} 19. c4 {[%emt 0:00:30]} b4 {[%emt 0:01:30]} 20. f4 {[%emt 0:16:30]} g6 {[%emt 0:05:30]} 21. Nxb7 {[%emt 0:15:46]} Rxb7 {[%emt 0:00:30]} 22. Rxd8 {[%emt 0:00:33]} Kxd8 {[%emt 0:00:30]} 23. Rd1+ {[%emt 0:00:00]} Rd7 {[%emt 0:00:30]} 24. Rxd7+ {[%emt 0:00:00]} Kxd7 {[%emt 0:00:30]} 25. Kf2 {[%emt 0:00:00]} Ke7 {[%emt 0:02:30]} 26. Kf3 {[%emt 0:01:14]} Kf8 {[%emt 0:04:45]} 27. g4 {[%emt 0:02:42]} Kg7 {[%emt 0:01:21]} 28. h3 {[%emt 0:03:12]} h6 {[%emt 0:06:52]} 29. g5 {[%emt 0:04:57]} h5 {[%emt 0:00:30]} 30. h4 {[%emt 0:00:00]} Kf8 {[%emt 0:00:00]} 1/2-1/2

[Event "Turkey IS Bank Super League 2017"]
[Site "Darica-Kocaeli"]
[Date "2017.08.03"]
[Round "9"]
[White "Najer, Evgeniy"]
[Black "Swiercz, Dariusz"]
[Result "1/2-1/2"]
[WhiteElo "2706"]
[BlackElo "2638"]
[Annotator "TA"]
[PlyCount "126"]
[EventType "team-tourn"]
[EventCountry "TUR"]
[SourceTitle "playchess.com"]
[Source "ChessBase"]
[SourceQuality "1"]

{[%evp 18,126,0,0,0,-19,-9,-27,-14,-14,-11,-7,-20,-10,0,5,23,18,29,23,14,17,18,9,12,16,15,4,32,12,7,5,14,10,22,0,8,0,8,11,20,0,0,0,0,0,0,0,0,0,0,0,0,0,0,0,5,0,1,10,11,0,0,0,0,0,0,0,2,0,0,0,0,0,0,0,0,0,0,0,0,0,0,0,0,0,2,0,0,0,0,0,0,0,0,0,0,0,0,0,0,0,0,0,0,0,0,0,0,0,0]} 1. e4 e5 2. Nf3 Nc6 3. Bb5 Nf6 4. d3 Bc5 5. Nbd2 d6 6. O-O {C65: Ruy Lopez: Berlin Defence (3...Nf6), unusual lines and 4 0-0 Bc5} O-O 7. Bxc6 bxc6 8. h3 Re8 9. Re1 h6 10. Nf1 {LiveBook: 6 Games} Nh5 $146 ({Predecessor:} 10... a5 11. Ng3 Rb8 12. b3 Bb4 13. Bd2 Ra8 {1-0 (40) Carlsen,M (2862)-Radjabov,T (2734) Wijk aan Zee 2015}) 11. Be3 Bxe3 12. Rxe3 Qf6 13. d4 exd4 14. Qxd4 Qxd4 15. Nxd4 Rb8 16. b3 c5 17. Ne2 a5 18. g4 Nf6 19. Nc3 a4 20. Nd2 Bd7 21. Rae1 axb3 22. axb3 Red8 23. f4 Bc6 {The position is equal.} 24. Nc4 Nd7 25. Kf2 Ra8 26. Ke2 Kf8 27. Kd2 Nb6 28. Nxb6 cxb6 29. Rb1 d5 30. exd5 Bxd5 31. Nxd5 Rxd5+ 32. Rd3 Rxd3+ 33. Kxd3 $11 {[%mdl 4096] Endgame KR-KR} Ke7 34. Kc4 Kd6 35. Kb5 Kc7 36. Re1 Ra5+ 37. Kc4 Kd6 38. Rd1+ Kc7 39. g5 Ra2 40. Kc3 Ra8 41. gxh6 gxh6 42. Rd5 {Threatening Rf5.} Rg8 43. Rf5 Kc6 44. h4 Rg3+ 45. Kd2 Kb5 46. Rxf7 Rh3 47. f5 Rxh4 48. f6 h5 {[%cal Bh6h5,Bh5h4,Bh4h3,Bh3h2][%mdl 32]} 49. Ke3 Rh1 $1 50. Kf2 {[#] Hoping for Rg7.} Rh2+ 51. Kf3 Rh1 $1 52. Kf4 h4 53. Re7 Rf1+ 54. Kg5 h3 55. Re2 Rg1+ 56. Kh6 {[#] Threatens to win with f7.} Rg2 57. Re3 h2 58. Rh3 $1 Rxc2 59. f7 Rf2 60. Kg7 Rg2+ 61. Kf6 Rf2+ 62. Ke7 {Rxh2! is the strong threat.} Re2+ 63. Kd7 Rf2 {Precision: White = 61%, Black = 76%.} 1/2-1/2

[Event "Turkey IS Bank Super League 2017"]
[Site "Darica-Kocaeli"]
[Date "2017.08.03"]
[Round "9"]
[White "Cheparinov, Ivan"]
[Black "Ivanchuk, Vassily"]
[Result "1/2-1/2"]
[WhiteElo "2703"]
[BlackElo "2729"]
[Annotator "TA"]
[PlyCount "42"]
[EventType "team-tourn"]
[EventCountry "TUR"]
[SourceTitle "playchess.com"]
[Source "ChessBase"]
[SourceQuality "1"]

{[%evp 22,42,44,45,45,18,20,10,36,23,37,41,33,0,0,0,0,0,0,0,0,0,0]} 1. Nf3 c5 2. c4 Nf6 3. Nc3 Nc6 4. g3 d6 5. Bg2 g6 6. d4 cxd4 7. Nxd4 Bd7 8. Nc2 Bg7 9. b3 O-O 10. O-O Qa5 11. Bd2 Rfc8 {A38: Symmetrical English vs ...g6: 4 Bg2 Bg7 5 Nf3 Nf6} 12. Rc1 {LiveBook: 3 Games} Qd8 13. h3 $146 ({Find the theoretical novelty and annotate with similar games:} 13. Ne3 a6 14. Ned5 b5 15. Be3 Rab8 16. Nxf6+ Bxf6 17. Nd5 Bg7 18. c5 dxc5 19. Bxc5 {1-0 (65) Agrest,E (2599)-Bejtovic,J (2425) Sweden 2012}) 13... a6 14. a4 Be8 15. Rb1 Nd7 16. e4 Nc5 17. Qe2 Na5 {The position is equal.} 18. Na1 $1 Nc6 19. Nc2 Na5 20. Na1 $1 Nc6 21. Nc2 Na5 {Precision: White = 43%, Black = 54%.} 1/2-1/2

[Event "Turkey IS Bank Super League 2017"]
[Site "Darica-Kocaeli"]
[Date "2017.08.03"]
[Round "9"]
[White "Kuzubov, Yuriy"]
[Black "Kanmazalp, Ogulcan"]
[Result "1-0"]
[WhiteElo "2646"]
[BlackElo "2445"]
[Annotator "TA RC"]
[PlyCount "53"]
[EventType "team-tourn"]
[EventCountry "TUR"]
[SourceTitle "playchess.com"]
[Source "ChessBase"]
[SourceQuality "1"]

{[%evp 18,53,12,-28,-39,-33,-28,-33,-33,-37,0,0,47,36,37,50,223,225,-93,226,354,303,294,183,352,337,845,839,829,841,826,809,1036,1024,998,989,1006,968]} 1. d4 d5 2. c4 e6 3. Nf3 Nf6 4. Nc3 c6 5. e3 {[%cal Be2e3,Be3e4][%mdl 32]} Nbd7 6. b3 Bd6 7. Bb2 O-O 8. Bd3 Qe7 9. Qc2 Re8 {D46: Semi-Slav: 5 e3 Nbd7 6 Bd3, Black avoids the Meran} 10. e4 {LiveBook: 4 Games} (10. O-O-O e5 11. dxe5 Nxe5 12. cxd5 cxd5 13. Nxd5 Nxd5 14. Bxh7+ Kh8 15. Rxd5 Be6 16. Rxd6 Nxf3 17. Qd1 Kxh7 18. gxf3 {½-½ (57) Shirov,A (2702)-Hovhannisyan,R (2612) Riga 2015}) 10... dxc4 11. Bxc4 {[#] Threatens to win with e5.} b5 $146 {Black is slightly better.} ({Predecessor:} 11... e5 12. O-O exd4 13. Nxd4 Ne5 14. Be2 Ng6 15. Rad1 Nf4 16. Rfe1 {½-½ (16) Walter,S (2169)-Overbeck,T (2250) Bad Vilbel 2010}) 12. Be2 {Strongly threatening e5.} e5 13. O-O a6 14. Rad1 Bb7 15. dxe5 $1 Nxe5 16. Nd4 $1 $36 {[%cal Rd4f5][%mdl 2048] Hoping for Nf5. Black is under pressure.} Neg4 $2 {[#]} (16... g6 $14) 17. Nf5 $1 $18 {[%cal Rf5e7]} Bxh2+ 18. Kh1 Qc7 (18... Qc5 {was worth a try.}) 19. Bxg4 Nxg4 20. Qe2 Nf6 $2 (20... Qf4 {might work better.}) 21. Nxg7 c5 $2 (21... Kxg7 22. g3 Kg8) 22. Nxe8 {White is clearly winning.} Rxe8 23. Nd5 Bxd5 24. Bxf6 {White wants to mate with Qg4+.} Bxe4 25. Qg4+ Bg6 26. f4 Qc6 27. Ba1 {Precision: White = 91%, Black = 22%.} 1-0

[Event "Turkey IS Bank Super League 2017"]
[Site "Darica-Kocaeli"]
[Date "2017.08.03"]
[Round "9"]
[White "Safarli, Eltaj"]
[Black "Guseinov, Gadir"]
[Result "1/2-1/2"]
[WhiteElo "2641"]
[BlackElo "2645"]
[Annotator "TA"]
[PlyCount "59"]
[EventType "team-tourn"]
[EventCountry "TUR"]
[SourceTitle "playchess.com"]
[Source "ChessBase"]
[SourceQuality "1"]

{[%evp 27,59,45,36,-10,-12,-18,-17,-15,-15,-14,-13,-11,-7,-9,-9,-15,-14,-14,0,0,0,0,0,0,0,0,0,0,0,0,0,0,0,0]} 1. e4 c5 2. Nf3 Nc6 3. d4 cxd4 4. Nxd4 g6 5. c4 Bg7 6. Be3 Nf6 7. Nc3 O-O 8. Be2 b6 9. O-O Bb7 10. f3 e6 11. Ndb5 d5 {B38: Sicilian: Maroczy Bind with 5...Bg7 and 7...0-0} 12. cxd5 exd5 13. exd5 Nb4 14. d6 Nfd5 $1 {[%cal Rd5e3] LiveBook: 8 Games} 15. Bd4 (15. Nxd5 Nxd5 16. Bd4 Qg5 17. Rf2 Nf4 18. Kh1 Bxd4 19. Nxd4 {0-1 (35) Gelfand,B (2758)-Gashimov,V (2758) Moscow 2009}) 15... Bxd4+ {The position is equal.} 16. Qxd4 {[#] Black must now prevent Nxd5.} Nc2 17. Qd2 Nxc3 18. Qxc2 Nxb5 19. Bxb5 {Strongly threatening d7.} Qxd6 20. Rad1 $146 Qf6 21. Qc3 Qxc3 22. bxc3 Rac8 23. Rd7 Bc6 24. Bxc6 Rxc6 25. Rxa7 Rxc3 $11 {KRR-KRR} 26. Rf2 h5 27. Rb7 Ra8 28. Rxb6 Rc1+ 29. Rf1 Rxf1+ 30. Kxf1 1/2-1/2

[Event "Turkey IS Bank Super League 2017"]
[Site "Darica-Kocaeli"]
[Date "2017.08.03"]
[Round "9"]
[White "Yilmaz, Mustafa"]
[Black "Salgado Lopez, Ivan"]
[Result "1/2-1/2"]
[WhiteElo "2640"]
[BlackElo "2622"]
[Annotator "TA"]
[PlyCount "54"]
[EventType "team-tourn"]
[EventCountry "TUR"]
[SourceTitle "playchess.com"]
[Source "ChessBase"]
[SourceQuality "1"]

{[%evp 18,54,22,13,29,0,0,-18,-18,-18,-15,-15,-12,-31,-26,-24,-12,-12,-9,-23,0,0,19,11,38,0,14,0,-9,-4,0,0,0,0,0,0,0,0,0]} 1. d4 Nf6 2. c4 g6 3. Nc3 d5 4. cxd5 Nxd5 5. e4 Nxc3 6. bxc3 Bg7 7. Qa4+ Qd7 {D85: Exchange Grünfeld: Unusual White 7th moves and lines with 7 Nf3} 8. Bb5 (8. Qxd7+ Nxd7 9. Be3 O-O 10. Rc1 Rd8 11. Nf3 b6 12. Bd3 Bb7 13. Ke2 e5 14. Rhd1 Rac8 15. d5 c6 16. c4 Bf8 {0-1 (42) Riazantsev,A (2659)-Mamedyarov,S (2772) Sochi 2017}) 8... c6 9. Be2 O-O 10. Qa3 {LiveBook: 20 Games} a5 $146 ({Predecessor:} 10... b6 11. Nf3 Bb7 12. Be3 c5 13. d5 e6 14. Rd1 exd5 15. exd5 {1-0 (63) Krasenkow,M (2630)-Safarli,E (2641) Porticcio 2017}) 11. Nf3 b5 12. Bg5 Ba6 13. Qc1 c5 14. Bh6 cxd4 15. Bxg7 Kxg7 16. cxd4 Rc8 17. Qb2 b4 18. d5+ Kg8 19. O-O Bxe2 20. Qxe2 Na6 21. Ne5 Qd6 {The position is equal.} 22. Nc6 $36 {[%mdl 2048] White is pushing.} Nb8 23. Nd4 $1 Na6 24. Nc6 Nb8 25. Nd4 Na6 26. Nc6 Nb8 27. Nd4 Na6 {Precision: White = 67%, Black = 82%.} 1/2-1/2

[Event "Turkey IS Bank Super League 2017"]
[Site "Darica-Kocaeli"]
[Date "2017.08.03"]
[Round "9"]
[White "Solak, Dragan"]
[Black "Mamedov, Rauf"]
[Result "1/2-1/2"]
[WhiteElo "2624"]
[BlackElo "2680"]
[Annotator "TA"]
[PlyCount "46"]
[EventType "team-tourn"]
[EventCountry "TUR"]
[SourceTitle "playchess.com"]
[Source "ChessBase"]
[SourceQuality "1"]

{[%evp 27,46,0,0,0,0,0,0,0,0,0,0,-7,7,0,0,-9,0,0,3,-14,0]} 1. d4 d5 2. c4 c6 3. Nf3 Nf6 4. cxd5 cxd5 5. Nc3 Nc6 6. Bf4 Bf5 7. e3 e6 8. Bd3 Bxd3 9. Qxd3 Bd6 10. Bxd6 Qxd6 11. O-O O-O 12. Rac1 Rac8 13. h3 h6 {D14: Slav Defence: Exchange variation with ...Bf5} 14. Rfd1 Rfd8 {LiveBook: 5 Games. The position is equal.} 15. Qe2 $146 ({Predecessor:} 15. Nb1) 15... Qe7 16. Ne1 Ne8 {[%cal Bf6e8,Be8d6,Bd6f5][%mdl 32]} 17. Nd3 Nd6 18. b3 b6 19. Qb2 Nf5 20. Ne2 Nd6 21. Nc3 Nf5 22. Ne2 Nd6 23. Nc3 Nf5 {Precision: White = 43%, Black = 58%.} 1/2-1/2